|
|
|
|
| LEADER |
01129nam a22002897a 4500 |
| 001 |
41983 |
| 003 |
BD-DhAAL |
| 005 |
20231204163027.0 |
| 008 |
231204t2024 enga|||| b||| 001 0 eng d |
| 020 |
|
|
|a 9781292449722
|
| 020 |
|
|
|a 1292449721
|
| 040 |
|
|
|a BD-DhAAL
|d BD-DhAAL
|
| 082 |
|
|
|a 658.054678
|2 23
|
| 100 |
|
|
|a Laudon, Kenneth C.
|9 55373
|
| 245 |
|
|
|a E-commerce 2023-2024 :
|b business. technology. society /
|c Kenneth C. Laudon and Carol Guercio Traver.
|
| 250 |
|
|
|a Eighteenth edition, Global edition.
|
| 260 |
|
|
|a Harlow, England :
|b Pearson Education,
|c 2023.
|
| 300 |
|
|
|a 832 pages :
|b illustrations ;
|c 26 cm.
|
| 504 |
|
|
|a Includes bibliographical references and index.
|
| 526 |
|
|
|a BBS
|
| 541 |
|
|
|a Karim International
|e 41983
|
| 650 |
|
|
|a Electronic commerce.
|
| 650 |
|
|
|a Business enterprises
|x Computer networks.
|
| 700 |
|
|
|a Traver, Carol Guercio.
|9 55800
|
| 942 |
|
|
|2 ddc
|c BK
|
| 999 |
|
|
|c 46116
|d 46116
|
| 952 |
|
|
|0 0
|1 0
|2 ddc
|4 0
|6 658_054678000000000_LAU
|7 0
|9 74847
|a BRACUL
|b BRACUL
|c GEN
|d 2023-12-04
|e Karim International
|g 12300.00
|l 2
|m 2
|o 658.054678 LAU
|p 3010041983
|r 2025-04-16
|s 2025-04-06
|t 1
|v 12300.00
|w 2023-12-04
|y BK
|